| 000 | 00692cam a22002653a 4500 | ||
|---|---|---|---|
| 001 | 477 | ||
| 003 | PGUSA | ||
| 005 | 20140828082948.0 | ||
| 008 | 960301s1996||||xxu|||||s|||||000 | eng d | ||
| 040 |
_aPGUSA _beng |
||
| 042 | _adc | ||
| 050 | 4 | _aHV | |
| 100 | 1 |
_aFerri, Enrico, _d1856-1929 |
|
| 245 | 1 | 0 |
_aCriminal Sociology _h[electronic resource] / _cEnrico Ferri |
| 260 |
_bProject Gutenberg, _c1996 |
||
| 506 | _aPublic domain in the USA. | ||
| 516 | _aElectronic text | ||
| 653 | _aCrime | ||
| 653 | _aCriminals | ||
| 653 | _aPunishment | ||
| 653 | _aCriminal anthropology | ||
| 830 | 0 |
_aProject Gutenberg _v477 |
|
| 856 | 4 | 0 | _uhttp://www.gutenberg.org/ebooks/477 |
| 942 | _cEB | ||
| 999 |
_c229828 _d229828 |
||